000 00409cam a2200157ua 4500
003 OSt
008 250506b |||||||| |||| 00| 0 eng d
020 _a0-03-063933-6
041 _aeng
082 _a624.17
_bBOG/EL
100 _aBoggs, Robert G .
_97470
245 _aElementary structural analysis /
260 _aNew Delhi :
_bC B S Publishers & Distributers ,
_c1984.
300 _a420 ; .
942 _cBK
999 _c9545
_d9545